000 00902nam0a22002531 4500
001 rc\2814689
005 20250806211007.0
035 _a(NLR Aleph) 006940471
090 _a37488
_c37488
100 _a20110915d1945 u y0rusy50 ca
101 0 _arus
102 _aRU
105 _ay z |||||
200 1 _aВ помощь молодому избирателю
_e[Материалы из газ. "Комсом. правда" за 1945 г.]
_fКировск. обл. ком-т ВЛКСМ
210 _a[Киров]
_cКировск. обл. изд-во
_d1945
_gОбл. типолит.
215 _a40 с.
_d13 см.
712 0 2 _aВЛКСМ
_bКировский обл. ком-т
801 0 _aRU
_bNLR
_gpsbo
801 1 _aRU
_bELAR
_2rusmarc
852 _aNLR
_jИр74 Г-2/209
942 _cBOOK
945 _aРоссийская национальная библиотека
980 _aNB
980 _aBV